Charles S. Peirce and the linguistic sign
Αποθηκεύτηκε σε:
| Κύριος συγγραφέας: | |
|---|---|
| Μορφή: | Βιβλίο |
| Γλώσσα: | English |
| Δημοσίευση: |
Amsterdam :
John Benjamins,
1985
|
| Σειρά: | Foundations of semiotics ;
; 9 |
| Θέματα: | |
| Ετικέτες: |
Προσθήκη ετικέτας
Δεν υπάρχουν, Καταχωρήστε ετικέτα πρώτοι!
|
MARC
| LEADER | 00000cam a2200000 i 4500 | ||
|---|---|---|---|
| 001 | 1/23728 | ||
| 008 | 981126s1985 eng d | ||
| 020 | |a 90-272-3279-2 | ||
| 035 | |l 10036926 | ||
| 040 | |a GR-MY-UA |b gre |e aacr | ||
| 041 | 0 | |a eng | |
| 082 | 0 | |a 149.946 | |
| 100 | 1 | |a Pharies, David A. | |
| 245 | 1 | 0 | |a Charles S. Peirce and the linguistic sign / |c David A. Pharies |
| 260 | |a Amsterdam : |b John Benjamins, |c 1985 | ||
| 300 | |a 118 p. | ||
| 490 | 1 | |a Foundations of semiotics |v ; 9 | |
| 504 | |a Includes bibliographical references and index | ||
| 600 | 1 | 0 | |a Peirce, Charles S. |q (Charles Sanders), |d 1839-1914. |
| 650 | 0 | 0 | |a Semiotics |x History |y 20th century. |
| 830 | 0 | |a Foundations of semiotics ; |v ; 9 | |
| 852 | |a INST |b LESVOS |e 19981126 |h 149.946 PHA |p 005100018205 |q 005100018205 |t BK |y 0 | ||
| 901 | |a BIBL-1999-1 | ||
| 909 | |a Λ |b 059852 | ||
| 922 | |a 1ΕΛΗ |b 199810 |c ΚΠΣ/ΤΚΑ |d ΠΑΠΑΣΩΤΗΡΙΟΥ | ||
| 950 | |a 117-1998-07-08 | ||